000
00302nam a2200121Ia 4500
008
180117s9999 xx 000 0 und d
100
_a
by Jullie Y Daza
245
_a
Medium rare
260
_c
2017
300
_a
18-20 pages, 2017 April 9
440
_a
Philippine Panorama
650
_a
DIG IN, LADIES!
999
_c
353599
_d
353599